000 00414nam a22001697a 4500
005 20251108172615.0
008 250721s9999 xx 000 0 eng d
082 1 4 _a530.03TEAR
245 1 0 _aAdvanced Learners Dictionary of Physics /
264 1 _aNew Delhi :
_bAnmol,
300 _a244 p
650 1 7 _aPhysics
650 1 7 _aDictionaries
710 2 _aATeam of Experts
942 _2ddc
_cBK
999 _c83834
_d83834